000
00287nam a22001217a 4500
008
170713b xxu||||| |||| 00| 0 eng d
041
_a
eng
080
_2
10 ED
_a
038
100
_a
23
101
_a
FJA
245
_a
MERIAM WEBSTER COLLEGIAN DICTIONARY
_c
MISH.F.C
942
_2
udc
_c
BK
999
_c
20489
_d
20489